<?xml version="1.0" encoding="UTF-8"?><?xml-stylesheet type="text/xsl" href="static/style.xsl"?><OAI-PMH xmlns="http://www.openarchives.org/OAI/2.0/" xmlns:xsi="http://www.w3.org/2001/XMLSchema-instance" xsi:schemaLocation="http://www.openarchives.org/OAI/2.0/ http://www.openarchives.org/OAI/2.0/OAI-PMH.xsd"><responseDate>2026-04-13T05:01:58Z</responseDate><request verb="GetRecord" identifier="oai:www.recercat.cat:2117/345506" metadataPrefix="marc">https://recercat.cat/oai/request</request><GetRecord><record><header><identifier>oai:recercat.cat:2117/345506</identifier><datestamp>2026-01-30T08:44:40Z</datestamp><setSpec>com_2072_1033</setSpec><setSpec>col_2072_452950</setSpec></header><metadata><record xmlns="http://www.loc.gov/MARC21/slim" xmlns:dcterms="http://purl.org/dc/terms/" xmlns:xsi="http://www.w3.org/2001/XMLSchema-instance" xmlns:doc="http://www.lyncode.com/xoai" xsi:schemaLocation="http://www.loc.gov/MARC21/slim http://www.loc.gov/standards/marcxml/schema/MARC21slim.xsd">
   <leader>00925njm 22002777a 4500</leader>
   <datafield ind2=" " ind1=" " tag="042">
      <subfield code="a">dc</subfield>
   </datafield>
   <datafield ind2=" " ind1=" " tag="720">
      <subfield code="a">Sauquet Llonch, Roger Joan</subfield>
      <subfield code="e">author</subfield>
   </datafield>
   <datafield ind2=" " ind1=" " tag="720">
      <subfield code="a">Castiñeira Palou, Isabel</subfield>
      <subfield code="e">author</subfield>
   </datafield>
   <datafield ind2=" " ind1=" " tag="720">
      <subfield code="a">Gómez, Nieves</subfield>
      <subfield code="e">author</subfield>
   </datafield>
   <datafield ind2=" " ind1=" " tag="720">
      <subfield code="a">Donés, Chantal</subfield>
      <subfield code="e">author</subfield>
   </datafield>
   <datafield ind2=" " ind1=" " tag="260">
      <subfield code="c">2019</subfield>
   </datafield>
   <datafield ind2=" " ind1=" " tag="520">
      <subfield code="a">Las áreas de baja densidad residencial en Cataluña toman el nombre&#xd;
de ‘urbanizaciones’. Algunas nacidas a principio de siglo XX y muchas otras de forma ilegal durante el tardo-franquismo, estos asentamientos se caracterizan por las casas unifamiliares en medio de parcelas de entre 400 y 1.000 metros cuadrados. A pesar de todas las patologías urbanas y ambientales atribuidas a este tipo de tejidos hay indicadores como el de la biodiversidad o el de la calidad ambiental del aire que son notablemente mejores que los de la ciudad compacta. Así mismo, es de los pocos espacios urbanos dónde aún se puede experimentar, desde de la rehabilitación, nuevos tipos residenciales de densidad media que rompan la dicotomía casa - bloque. &#xd;
Estas áreas crecen a partir de las necesidades vitales de los habitantes que construyen cuando necesitan más espacio. Aprovechando esta realidad metabólica, el artículo se plantea hasta qué punto la forma de planificar el urbanismo ‘clásico’, que interpone límites meramente volumétricos a la obra nueva o a las ampliaciones, es efectiva, o bien podría ser substituida por la regulación compleja de un intercambio de intereses entre el habitante, que necesita obtener más superficie y más rendimiento de su parcela, y la globalidad, que necesita mejorar la sostenibilidad ambiental y social de este tipo de tejidos. Desde distintas plataformas docentes de la ETSAV, Universidad Politécnica de Cataluña (UPC) se ha estudiado pormenorizadamente tres áreas de baja densidad de la comarca barcelonesa del Vallès, proponiendo un sistema normativo con el que, mediante condicionantes, se regulan las  aspiraciones de crecimiento de los habitantes limitándoles o premiándoles en función de las bondades sociales y ambientales de la intervención arquitectónica que pretenden realizar.</subfield>
   </datafield>
   <datafield ind2=" " ind1=" " tag="520">
      <subfield code="a">Peer Reviewed</subfield>
   </datafield>
   <datafield ind2=" " ind1=" " tag="520">
      <subfield code="a">Postprint (published version)</subfield>
   </datafield>
   <datafield tag="653" ind2=" " ind1=" ">
      <subfield code="a">Àrees temàtiques de la UPC::Urbanisme::Ordenació del territori</subfield>
   </datafield>
   <datafield tag="653" ind2=" " ind1=" ">
      <subfield code="a">Housing development</subfield>
   </datafield>
   <datafield tag="653" ind2=" " ind1=" ">
      <subfield code="a">Urbanizaciones</subfield>
   </datafield>
   <datafield tag="653" ind2=" " ind1=" ">
      <subfield code="a">normativa</subfield>
   </datafield>
   <datafield tag="653" ind2=" " ind1=" ">
      <subfield code="a">ordenanzas</subfield>
   </datafield>
   <datafield tag="653" ind2=" " ind1=" ">
      <subfield code="a">crecimiento metabólico</subfield>
   </datafield>
   <datafield tag="653" ind2=" " ind1=" ">
      <subfield code="a">baja densidad</subfield>
   </datafield>
   <datafield tag="653" ind2=" " ind1=" ">
      <subfield code="a">Urbanitzacions</subfield>
   </datafield>
   <datafield ind2="0" ind1="0" tag="245">
      <subfield code="a">Ordenanzas en base metabólica: el replanteo de las ordenanzas de densificación en tres urbanizaciones del Vallés (Barcelona)</subfield>
   </datafield>
</record></metadata></record></GetRecord></OAI-PMH>